<?xml version="1.0" encoding="UTF-8"?>
<record
    xmlns:xsi="http://www.w3.org/2001/XMLSchema-instance"
    xsi:schemaLocation="http://www.loc.gov/MARC21/slim http://www.loc.gov/standards/marcxml/schema/MARC21slim.xsd"
    xmlns="http://www.loc.gov/MARC21/slim">

  <leader>00887nam a22002055i 4500</leader>
  <controlfield tag="001">165017</controlfield>
  <controlfield tag="003">ES-MaACL</controlfield>
  <controlfield tag="005">20251003063144.0</controlfield>
  <controlfield tag="008">991122s1831    sp           |||| | spa d</controlfield>
  <datafield tag="040" ind1=" " ind2=" ">
    <subfield code="a">LR </subfield>
    <subfield code="b">spa </subfield>
    <subfield code="c">LR</subfield>
  </datafield>
  <datafield tag="100" ind1="1" ind2=" ">
    <subfield code="a">Scott, Walter,  </subfield>
    <subfield code="c">Sir, </subfield>
    <subfield code="d">1771-1832</subfield>
    <subfield code="9">104957</subfield>
  </datafield>
  <datafield tag="245" ind1="1" ind2="0">
    <subfield code="a">Ivanhoe &#xF3; El regreso de la Palestina del Caballero Cruzado / </subfield>
    <subfield code="c">por Walter Scott.</subfield>
  </datafield>
  <datafield tag="260" ind1=" " ind2=" ">
    <subfield code="a">Madrid : </subfield>
    <subfield code="b">[s.n.], </subfield>
    <subfield code="c">1831 (</subfield>
    <subfield code="f">Oficina de Moreno)</subfield>
  </datafield>
  <datafield tag="300" ind1=" " ind2=" ">
    <subfield code="a">4 v. (XXIII, 228; 232; 264; 211 p.) ; </subfield>
    <subfield code="c">16 cm.</subfield>
  </datafield>
  <datafield tag="490" ind1="1" ind2=" ">
    <subfield code="a">Nueva colecci&#xF3;n de novelas de Sir Walter Scott ; </subfield>
    <subfield code="v">13, 14, 15 y 16</subfield>
  </datafield>
  <datafield tag="740" ind1="3" ind2=" ">
    <subfield code="a">El regreso de la Palestina del Caballero Cruzado.</subfield>
  </datafield>
  <datafield tag="830" ind1="0" ind2=" ">
    <subfield code="a">Nueva colecci&#xF3;n de novelas de Sir Walter Scott</subfield>
    <subfield code="v">13, 14, 15 y 16</subfield>
    <subfield code="9">222402</subfield>
  </datafield>
  <datafield tag="852" ind1=" " ind2=" ">
    <subfield code="a">ES-MaACL</subfield>
    <subfield code="j">F-1087-1088 </subfield>
    <subfield code="z">-- Enc. pasta </subfield>
    <subfield code="z">-- Enc. 4 t. en 2 v. </subfield>
    <subfield code="x">-- Edic.: las pp. del T. IV (211)</subfield>
  </datafield>
  <datafield tag="999" ind1=" " ind2=" ">
    <subfield code="c">165017</subfield>
    <subfield code="d">165017</subfield>
  </datafield>
  <datafield tag="952" ind1=" " ind2=" ">
    <subfield code="0">0</subfield>
    <subfield code="1">0</subfield>
    <subfield code="4">0</subfield>
    <subfield code="7">0</subfield>
    <subfield code="8">LIBXIX</subfield>
    <subfield code="a">ATENEOM</subfield>
    <subfield code="b">ATENEOM</subfield>
    <subfield code="c">DEPO2</subfield>
    <subfield code="d">2008-01-17</subfield>
    <subfield code="e">SSC</subfield>
    <subfield code="l">0</subfield>
    <subfield code="o">F-1087-1088</subfield>
    <subfield code="p">1172987</subfield>
    <subfield code="r">2023-02-23 00:00:00</subfield>
    <subfield code="w">2023-02-23</subfield>
    <subfield code="y">MONANT</subfield>
  </datafield>
</record>
